000 00365 a2200157 4500
001 61365
020 _a8532238262
040 _cAnchieta - Pituba
100 _aSerrano, teresa Silvestri
240 1 0 _aAs novas descobertas de Zasp
_lpor
245 1 0 _aAs novas descobertas de Zasp
300 _a48
362 0 _a1999
650 4 _aLiteratura juvenil
942 _cBK
999 _c61365
_d61365